Karl Heinz Steinle

Kaydedildi:
Detaylı Bibliyografya
Yazar: Winkel, Rosa
Materyal Türü: Kitap
Dil:İngilizce
Etiketler: Etiketle
Etiket eklenmemiş, İlk siz ekleyin!

MARC

LEADER 00000nam a2200000 4500
005 20240731185803.0
008 240731b |||||||| |||| 00| 0 eng d
040 |c GP 
100 |a Winkel, Rosa 
245 |a Karl Heinz Steinle 
942 |2 ddc  |c BK  |n 0 
952 |0 0  |1 0  |2 ddc  |4 0  |6 306_766000000000000_WIN  |7 1  |9 1755  |a RM  |b RM  |d 2024-07-31  |l 0  |o 306.766 WIN  |p 567  |r 2024-07-31 18:58:21  |w 2024-07-31  |y BK 
999 |c 1571  |d 1571